I mulatti /
Viaggio iniziatico, storia d'amore, d'amicizia e di morte, il romanzo ha per protagonisti i mulatti. Così Picca chiama questi giovani d'oggi, nei quali il bianco della bontà e dell'innocenza convive con il nero della crudeltà e della violenza. Angeli e demoni, violenti perché a loro volta violentati...
Kaydedildi:
| Yazar: | |
|---|---|
| Materyal Türü: | Kitap |
| Dil: | İtalyanca |
| Baskı/Yayın Bilgisi: |
Firenze :
Giunti,
1996
|
| Seri Bilgileri: | Mercurio
|
| Etiketler: |
Etiket eklenmemiş, İlk siz ekleyin!
|
MARC
| LEADER | 00000nam a22000007i 4500 | ||
|---|---|---|---|
| 001 | IT\ICCU\LO1\0401355 | ||
| 003 | ItRI | ||
| 005 | 20260203104756.0 | ||
| 008 | 960521s1996 it |||||| ||||| |||||c | ||
| 015 | |2 IT |a 9611520 | ||
| 020 | |a 8809209125 | ||
| 040 | |b ita |c ARCIGAY RIMINI | ||
| 041 | 7 | |a ita |2 ISO-639-2 | |
| 082 | |a 853.914 |2 20 | ||
| 100 | 1 | |a Picca, Aurelio |0 IT\ICCU\CFIV\111942 |4 aut | |
| 240 | 1 | 2 | |a I mulatti |9 Picca, Aurelio |
| 245 | 1 | 2 | |a I mulatti / |c Aurelio Picca. |
| 260 | |a Firenze : |b Giunti, |c 1996 | ||
| 300 | |a 112 p. ; |c 21 cm | ||
| 520 | |a Viaggio iniziatico, storia d'amore, d'amicizia e di morte, il romanzo ha per protagonisti i mulatti. Così Picca chiama questi giovani d'oggi, nei quali il bianco della bontà e dell'innocenza convive con il nero della crudeltà e della violenza. Angeli e demoni, violenti perché a loro volta violentati, un gruppo di amici compie un viaggio nel sud dell'Italia in una sorta di educazione sentimentale in cui l'amore e il sesso, la solitudine e l'orgoglio, dell'io vengono trasfigurati da un concetto romantico dell'esistenza, finché un'ennesima violenza, curiosa e simbolica, chiude il romanzo nel segno della morte. | ||
| 830 | 0 | |a Mercurio |0 IT\ICCU\RAV\0250181 | |
| 942 | |2 ddc |c BK | ||
| 952 | |0 0 |1 0 |2 ddc |4 0 |6 853_914000000000000_PIC_MUL |7 1 |9 2490 |a RN |b RN |d 2024-12-30 |l 0 |o 853.914 PIC MUL |p 9934 |r 2024-12-30 11:46:26 |w 2024-12-30 |y BK | ||
| 952 | |0 0 |1 0 |2 ddc |4 0 |6 853_914000000000000_PIC_MUL |7 1 |9 3433 |a RN |b RN |d 2025-02-24 |l 0 |o 853.914 PIC MUL |p 10692 |r 2025-02-24 22:40:15 |w 2025-02-24 |x DONAZIONE DI GIOVANNI RIMONDINI |y BK |z DONAZIONE DI GIOVANNI RIMONDINI | ||
| 952 | |0 0 |1 0 |4 0 |6 DOC_853_914000000000000_PIC |7 0 |9 15156 |a BO |b BO |d 2026-01-15 |i 9202 |l 0 |o DOC 853.914 PIC |p BO9202 |r 2026-01-15 23:18:59 |w 2026-01-15 |x [Sebina 5] [1 v.] |y BK |z 1 v. | ||
| 999 | |c 2164 |d 2164 | ||